<?xml version="1.0" encoding="UTF-8"?>
<marc:record xmlns:marc="http://www.loc.gov/MARC21/slim">
   <marc:leader>00000nam a2200000 a 4500</marc:leader>
   <marc:datafield ind1="0" ind2="0" tag="245">
      <marc:subfield code="a">Die Zeit der großen Gabe</marc:subfield>
   </marc:datafield>
   <marc:datafield ind1="0" ind2="0" tag="245">
      <marc:subfield code="b">In einem Land vor unserer Zeit</marc:subfield>
   </marc:datafield>
   <marc:datafield ind1=" " ind2="1" tag="264">
      <marc:subfield code="a">Berlin</marc:subfield>
      <marc:subfield code="b">Universal Family Entertainment</marc:subfield>
      <marc:subfield code="c">2011</marc:subfield>
   </marc:datafield>
   <marc:datafield ind1="1" ind2=" " tag="520">
      <marc:subfield code="a">Ein gewaltiger Meteorit ist in das große Tal gestürzt und hat dabei die Wasserversorgung unterbrochen. Dies führt zu Spannungen unter den einst friedlichen Dinosauriern. Begierig wollen Littlefoot und seine Freunde helfen und machen sich auf die Suche nach einer neuen Quelle. Sie finden einen großen Teich zwischen dem großen Tal und dem geheimnisvollen Jenseits - aber dies ist die Heimat der gefürchteten Scharfzähne und anderer gefährlicher Urzeittiere.</marc:subfield>
   </marc:datafield>
   <marc:datafield ind1=" " ind2=" " tag="020">
      <marc:subfield code="a">5050582280425</marc:subfield>
      <marc:subfield code="9">5050582280425</marc:subfield>
   </marc:datafield>
   <marc:datafield ind1="0" ind2=" " tag="490">
      <marc:subfield code="v">0</marc:subfield>
   </marc:datafield>
   <marc:datafield ind1=" " ind2=" " tag="300">
      <marc:subfield code="a">68 Min.</marc:subfield>
   </marc:datafield>
</marc:record>
